000 00769nam a2200229 a 4500
001 56021
003 BD-RjUL
005 20211209080338.0
008 161124b19481947xxu||||| |||| 00| 0 eng d
035 _a(BD-RjUL)56145
040 _aBD-RjUL
_beng
_dBD-RjUL
_cBD-RjUL
041 _aeng
082 _223
_a949.3033
_bJOB 1948
100 _aJoint, E. James
_9166755
245 _aBelgium :
_bReport on economic and commercial conditions in Belgium : with an annex on the Grand Duchy of Luxembourg /
_cE. James Joint.
260 _aLondon :
_bH.M.S.O.,
_c1948
300 _aiv, 62 p. ;
_c24 cm.
490 _aOverseas economic surveys.
651 _aBelgium.
_vEconomic conditions -- 1918-1945.
_9166756
830 _aOverseas economic surveys.
_9176614
942 _2ddc
_cBK
999 _c56021
_d56021